[Event "Druzynowe Mistrzostwa Polski II Liga"]
[Site "Szklarska Poreba"]
[Date "1899-12-30"]
[Round "1.26"]
[White "Wandzik, Wojciech"]
[Black "Snihur, Piotr"]
[Result "1/2-1/2"]
[WhiteTitle "m"]
[BlackTitle "k"]
[WhiteElo "2396"]
[BlackElo "2181"]

1. e4 c5 2. Nf3 e6 3. d4 cxd4 4. Nxd4 Nc6 5. Nc3 Qc7 6. g3 a6 7. Bg2 Nf6 8. O-O
Be7 9. Re1 d6 10. Nxc6 bxc6 11. e5 dxe5 12. Rxe5 O-O 13. Bf4 Qb7 14. b3 Rd8 15.
Qf3 Bd7 16. Rd1 Be8 17. Ree1 Qb4 18. Be5 Rac8 19. Ne4 Nxe4 20. Qxe4 a5 21. c3
Qa3 22. Qg4 Bf8 23. Qe2 Qe7 24. h4 Qc5 25. Bd4 Qb5 26. Qg4 c5 27. Bf6 Rxd1 28.
Rxd1 h5 29. Qg5 c4 30. Qxb5 Bxb5 31. Rd8 Rxd8 32. Bxd8 cxb3 33. axb3 a4 34. bxa4
Bxa4 35. Ba5 Be7 36. Kf1 Kf8 37. Bb4 Bb5+ 38. Ke1 Ke8 39. Bxe7 Kxe7 40. Kd2 e5
41. Bd5 Be8 42. Kd3 Kd6 43. Bb3 f6 44. Bg8 Kc5 45. f4 Bg6+ 46. Ke3 Bb1 47. Bf7
g6 48. fxe5 fxe5 49. Be6 Bf5 50. Bb3 Kb5 51. Kd2 Kc5 1/2-1/2

[Event "Druzynowe Mistrzostwa Polski II Liga"]
[Site "Szklarska Poreba"]
[Date "1899-12-30"]
[Round "1.27"]
[White "Nowak, Mikolaj"]
[Black "Gola, Karol"]
[Result "1/2-1/2"]
[WhiteTitle "I++"]
[BlackTitle "k"]
[WhiteElo "2088"]
[BlackElo "2207"]

1. c4 e6 2. d4 d5 3. Nc3 Nf6 4. Bg5 Be7 5. cxd5 exd5 6. Qc2 c6 7. e3 Nbd7 8. Bd3
O-O 9. Nge2 Re8 10. O-O h6 11. Bh4 Ne4 12. Bxe7 Qxe7 13. Rae1 Ndf6 14. f3 Nxc3
15. Nxc3 Be6 16. Qf2 Rad8 17. Bb1 b6 18. Ne2 Bc8 19. e4 dxe4 20. fxe4 Nxe4 21.
Bxe4 Qxe4 22. Qxf7+ Kh8 23. Qf2 Qc2 24. Nc3 Qxf2+ 25. Kxf2 Kg8 26. Rxe8+ Rxe8
27. b4 Rf8+ 28. Ke1 Rxf1+ 29. Kxf1 Kf7 30. Ke2 Ba6+ 31. Ke3 Bf1 32. g3 Ke6 33.
a3 Kf5 34. d5 cxd5 35. Nxd5 Ke5 36. Nc3 Bc4 37. Ne4 Bd5 38. Nc3 Bc4 39. Ne4 Bd5
40. Nc3 Bc4 41. Ne4 1/2-1/2

[Event "Druzynowe Mistrzostwa Polski II Liga"]
[Site "Szklarska Poreba"]
[Date "1899-12-30"]
[Round "1.28"]
[White "Lizak, Jakub"]
[Black "Kwiatkowski, Wiktor"]
[Result "1-0"]
[WhiteTitle "k"]
[BlackTitle "I"]
[WhiteElo "2222"]
[BlackElo "1933"]

1. d4 Nf6 2. Nc3 d5 3. Bf4 e6 4. Nb5 Na6 5. a3 c6 6. Nc3 Be7 7. e3 O-O 8. Nf3 c5
9. Be2 Qb6 10. O-O Bd7 11. Ne5 Rac8 12. Nxd7 Nxd7 13. Na4 Qc6 14. c4 Nb6 15. Nxb6
Qxb6 16. b4 cxb4 17. c5 Nxc5 18. dxc5 Bxc5 19. axb4 Bxb4 20. Be5 a5 21. Rb1 f6
22. Ba1 Rc6 23. Bd3 Qc7 24. Qf3 Bd6 25. Qh3 f5 26. g4 Qe7 27. Kh1 Bb8 28. Rg1
e5 29. gxf5 Rff6 30. Qg2 Rh6 31. Qxd5+ Kh8 32. Rg2 Rcd6 33. Qxb7 Bc7 34. Be4 1-0

[Event "Druzynowe Mistrzostwa Polski II Liga"]
[Site "Szklarska Poreba"]
[Date "1899-12-30"]
[Round "1.29"]
[White "Matlewski, Adam"]
[Black "Kalmuk, Krzysztof"]
[Result "1-0"]
[WhiteTitle "I"]
[BlackTitle "I++"]
[WhiteElo "1825"]
[BlackElo "2030"]

1. d4 Nf6 2. c4 g6 3. Nf3 Bg7 4. g3 O-O 5. Bg2 d6 6. O-O Nc6 7. Nc3 a6 8. e4 Bg4
9. Be3 e5 10. d5 Nd4 11. Bxd4 exd4 12. Qxd4 Re8 13. Qd3 Nd7 14. Nd2 Nc5 15. Qc2
a5 16. Nb3 b6 17. Nxc5 bxc5 18. h3 Bd7 19. Kh2 Qf6 20. Rad1 Rab8 21. f4 Rb4 22.
Qe2 a4 23. Rf3 Qe7 24. e5 dxe5 25. d6 Qd8 26. dxc7 Qc8 27. Nd5 e4 28. Re3 Rxb2
29. Rd2 Rxd2 30. Qxd2 Bc6 31. Qa5 f5 32. Qxc5 Qe6 33. Ne7+ Qxe7 34. Qxe7 1-0

[Event "Druzynowe Mistrzostwa Polski II Liga"]
[Site "Szklarska Poreba"]
[Date "1899-12-30"]
[Round "1.30"]
[White "Mazur, Anna"]
[Black "Pastuszko, Kinga"]
[Result "1/2-1/2"]
[WhiteTitle "I+"]
[BlackTitle "k+"]
[WhiteElo "1693"]
[BlackElo "1971"]

1. e4 c5 2. Nf3 d6 3. d4 cxd4 4. Nxd4 Nf6 5. Nc3 a6 6. Be2 e5 7. Nb3 Be7 8. O-O
O-O 9. Be3 Be6 10. f3 Nbd7 11. Qe1 Qc7 12. Rd1 Rfd8 13. g4 Nc5 14. g5 Nh5 15.
Qh4 g6 16. f4 Nxf4 17. Bxf4 exf4 18. Nd4 Qb6 19. Kh1 Qxb2 20. Rf3 Re8 21. Rg1
Qb4 22. Nxe6 Nxe6 23. Rh3 Nxg5 24. Rxg5 Bxg5 25. Qxg5 Rac8 26. Qh6 Qd4 27. Qxh7+
Kf8 28. Qh8+ Qxh8 29. Rxh8+ Kg7 30. Rxe8 Rxe8 31. Bd3 g5 32. Kg2 Rc8 33. Nd5 Rc5
34. Nb6 g4 35. Nd5 f3+ 36. Kg3 f5 37. Nf4 Kf6 38. exf5 Ra5 39. Kxg4 f2 40. Nh5+
Kf7 41. Ng3 d5 42. Kf3 Rxa2 43. Kxf2 Ra4 44. Ne2 a5 45. Nc3 Rh4 46. Kg3 Rd4 47.
Nxd5 a4 48. Nc3 a3 49. Kf3 Rh4 50. Ke3 Kf6 51. Na2 b5 52. Bxb5 Kxf5 53. Bd7+ Ke5
54. h3 Rh7 55. Bg4 Rb7 56. Be2 Rb2 57. Bc4 Rxc2 58. Kd3 Rh2 59. Ke4+ 1/2-1/2

[Event "Druzynowe Mistrzostwa Polski II Liga"]
[Site "Szklarska Poreba"]
[Date "1899-12-30"]
[Round "1.31"]
[White "Buraczewski, Rafal"]
[Black "Daniluk, Jerzy"]
[Result "0-1"]
[WhiteTitle "k"]
[BlackTitle "k"]
[WhiteElo "2220"]
[BlackElo "2088"]

1. Nf3 g6 2. d4 Bg7 3. c4 d6 4. Nc3 Bg4 5. h3 Bxf3 6. gxf3 c6 7. Bg2 Nf6 8. O-O
O-O 9. Bg5 Nbd7 10. Qd2 Qb6 11. f4 Rfe8 12. e3 e6 13. Rfd1 Qb4 14. d5 exd5 15.
cxd5 c5 16. Qc2 Qa5 17. a4 a6 18. Ra3 Rac8 19. e4 c4 20. e5 dxe5 21. d6 exf4 22.
Bxf4 Rb8 23. Raa1 Qc5 24. Qd2 b5 25. axb5 axb5 26. Be3 Qb4 27. Ra7 Red8 28. Bd4
Qxd6 29. Nxb5 Rxb5 30. Bxf6 Qxd2 31. Rxd2 Bxf6 32. Raxd7 Rxd7 33. Rxd7 Bxb2 34.
Bd5 c3 35. Rxf7 Rxd5 0-1

[Event "Druzynowe Mistrzostwa Polski II Liga"]
[Site "Szklarska Poreba"]
[Date "1899-12-30"]
[Round "1.32"]
[White "Lisowski, Krzysztof"]
[Black "Mickiewicz, Piotr"]
[Result "1-0"]
[WhiteTitle "k"]
[BlackTitle "m"]
[WhiteElo "2043"]
[BlackElo "2295"]

1. e4 c5 2. Nf3 Nc6 3. Bb5 g6 4. Bxc6 dxc6 5. d3 f6 6. Be3 e5 7. Qd2 Bg4 8. Ng1
Qd7 9. f4 exf4 10. Bxf4 O-O-O 11. Qa5 Bd6 12. Bxd6 Qxd6 13. Qxa7 c4 14. Nd2 cxd3
15. c3 f5 16. Ngf3 fxe4 17. Nxe4 Re8 18. O-O Rxe4 19. Ng5 Re8 20. Nf7 Qe7 21.
Qd4 d2 22. Qxg4+ Kb8 23. Nxh8 Qe3+ 24. Kh1 Nh6 25. Qf4+ Qxf4 26. Rxf4 Re1+ 27.
Rf1 Rxa1 28. Rxa1 Ng4 29. Kg1 Ne3 30. Nf7 d1=Q+ 31. Rxd1 Nxd1 32. Ng5 h6 33. Nf7
Nxb2 34. Nxh6 b5 35. Ng4 Nd1 36. Ne5 Kc7 37. c4 Kd6 38. Nxg6 b4 39. Nf4 Nc3 40.
Nd3 Nxa2 41. Kf2 c5 42. Ke3 Nc3 43. Nb2 Ke5 44. Nd3+ Kd6 45. Nb2 Ke5 46. Nd3+
Kd6 47. h4 Na4 48. h5 Ke7 49. g4 Kf6 50. h6 Kg6 51. g5 b3 52. Ne5+ Kh7 53. Kd3
b2 54. Kc2 Nc3 55. Kxb2 Ne4 56. Nf3 Kg6 57. Kc2 Nd6 58. Ne5+ Kh7 59. Kd3 Nf5 60.
Ke4 Nd4 61. Kd5 Nb3 62. Ke6 Nd2 63. Kf5 Nf1 64. Ng4 Ng3+ 65. Kf4 Nh5+ 66. Kf5
Ng3+ 67. Ke6 Ne2 68. Nf6+ Kg6 69. Ne4 Nf4+ 70. Ke5 Nh3 71. Kd6 Nf4 72. Kxc5 Kf5
73. Kd4 Ne6+ 74. Ke3 Nf8 75. c5 Ke5 76. c6 Ke6 77. Kd4 Ng6 78. Kc5 1-0

[Event "Druzynowe Mistrzostwa Polski II Liga"]
[Site "Szklarska Poreba"]
[Date "1899-12-30"]
[Round "1.33"]
[White "Pazderski, Ziemowit"]
[Black "Migala, Andrzej"]
[Result "1-0"]
[WhiteTitle "k+"]
[BlackTitle "I++"]
[WhiteElo "2266"]
[BlackElo "2021"]

1. c4 c5 2. Nf3 Nc6 3. d4 cxd4 4. Nxd4 Nf6 5. Nc3 d6 6. g3 g6 7. Bg2 Bd7 8. Nc2
Bg7 9. b3 O-O 10. O-O Qa5 11. Nb5 a6 12. Bd2 Qd8 13. Nc3 Rb8 14. Rc1 b5 15. Ne3
e6 16. cxb5 axb5 17. Nxb5 d5 18. a4 Qb6 19. Nc2 Rfc8 20. Be3 Qa5 21. Nca3 Bf8
22. Bf4 Ra8 23. Bg5 Ne8 24. e4 Bxa3 25. Nxa3 Nb4 26. Bd2 Rxc1 27. Qxc1 dxe4 28.
Qe1 Rb8 29. Nb5 Nd3 30. Bxa5 Nxe1 31. Rxe1 Bxb5 32. axb5 Rxb5 33. b4 f5 34. Bf1
Rb8 35. Rd1 1-0

[Event "Druzynowe Mistrzostwa Polski II Liga"]
[Site "Szklarska Poreba"]
[Date "1899-12-30"]
[Round "1.34"]
[White "Jedra, Waldemar"]
[Black "Maciaga, Marcin"]
[Result "0-1"]
[WhiteTitle "I"]
[BlackTitle "k+"]
[WhiteElo "2020"]
[BlackElo "2090"]

1. c4 c5 2. g3 Nc6 3. Bg2 g6 4. Nc3 Bg7 5. d3 d6 6. e4 Nf6 7. Nge2 Bg4 8. h3 Bxe2
9. Nxe2 Nd7 10. O-O Rb8 11. a4 a6 12. f4 Qc7 13. Nc3 e6 14. Be3 Nd4 15. Kh2 h5
16. Rb1 f5 17. Bxd4 cxd4 18. Ne2 Nf6 19. exf5 gxf5 20. Re1 h4 21. Qd2 hxg3+ 22.
Nxg3 Kf7 23. Kg1 Rbg8 24. Qe2 Qd7 25. Qf3 Rh4 26. Rf1 Bh6 27. Ne2 Nh5 28. Rf2
Nxf4 29. Nxf4 Bxf4 30. Kf1 Be3 31. Ke2 Qxa4 32. Kf1 Kf6 33. b3 Qa5 34. b4 Qe5
35. Re1 b5 36. cxb5 axb5 37. Qc6 Rf4 38. Rxf4 Qxf4+ 39. Qf3 Qh2 40. Rxe3 0-1

[Event "Druzynowe Mistrzostwa Polski II Liga"]
[Site "Szklarska Poreba"]
[Date "1899-12-30"]
[Round "1.35"]
[White "Krasiewicz, Robert"]
[Black "Kupryjaniuk, Tomasz"]
[Result "0-1"]
[WhiteTitle "k+"]
[BlackTitle "I"]
[WhiteElo "2005"]
[BlackElo "1844"]

1. c4 Nf6 2. g3 c6 3. Bg2 d5 4. Nf3 dxc4 5. a4 Bg4 6. Na3 Nbd7 7. Nxc4 e6 8. O-O
Be7 9. h3 Bh5 10. d3 O-O 11. a5 Nd5 12. Bd2 Rc8 13. Qb3 Nc5 14. Qc2 Na6 15. Rfc1
f6 16. Bc3 g5 17. Nd4 Qd7 18. Qd2 Rcd8 19. Re1 Nc5 20. Qc2 Bg6 21. Rad1 e5 22.
Nb3 Ne6 23. Qc1 Qc7 24. Bf1 Nxc3 25. bxc3 b5 26. axb6 axb6 27. e4 Nc5 28. Qb2
Bf7 29. Nxc5 Bxc4 30. Nb3 Be6 31. d4 Kg7 32. c4 exd4 33. Nxd4 Bc8 34. Bg2 Bc5
35. e5 fxe5 36. Nf3 Rxd1 37. Rxd1 Qe7 38. Re1 Qf6 39. Rxe5 h6 40. Qe2 g4 41. Nh4
Bxf2+ 42. Kh2 Bxg3+ 43. Kh1 Qxe5 0-1

[Event "Druzynowe Mistrzostwa Polski II Liga"]
[Site "Szklarska Poreba"]
[Date "1899-12-30"]
[Round "1.36"]
[White "Wierzbowska, Aleksandra"]
[Black "Andrejczuk, Beata"]
[Result "0-1"]
[WhiteTitle "I+"]
[BlackTitle "WFM"]
[WhiteElo "1694"]
[BlackElo "2088"]

1. d4 Nf6 2. c4 c5 3. d5 d6 4. Nc3 g6 5. e4 Bg7 6. h3 Na6 7. Nf3 Bd7 8. Be2 Rb8
9. O-O Nc7 10. e5 dxe5 11. Nxe5 Nfxd5 12. Nxd5 Bxe5 13. Re1 Ne6 14. Bg4 Bd4 15.
Bh6 b5 16. cxb5 Rxb5 17. Rb1 Rxb2 18. Rxb2 Bxb2 19. Qf3 Rg8 20. Qg3 Bd4 21. Rb1
Bc8 22. Qf3 f5 23. Bxf5 gxf5 24. Qh5+ Rg6 25. Ne3 Bxe3 26. Bxe3 Qd5 27. g3 Qd8
0-1

[Event "Druzynowe Mistrzostwa Polski II Liga"]
[Site "Szklarska Poreba"]
[Date "1899-12-30"]
[Round "1.37"]
[White "Molenda, Marcin"]
[Black "Stachanczyk, Jacek"]
[Result "1/2-1/2"]
[WhiteTitle "FM"]
[BlackTitle "IM"]
[WhiteElo "2411"]
[BlackElo "2218"]

1. d4 d5 2. c4 c6 3. Nf3 Nf6 4. Nc3 dxc4 5. a4 Bf5 6. Ne5 Nbd7 7. Nxc4 Qc7 8. g3
e5 9. dxe5 Nxe5 10. Bf4 Nfd7 11. Bg2 O-O-O 12. O-O g5 13. Bxg5 Nxc4 14. Bxd8 Qxd8
15. Qd4 Nce5 16. Qxa7 Bc5 17. Qa8+ Kc7 18. Nb5+ cxb5 19. Qxb7+ Kd6 20. b4 Bxb4
21. f4 Qb6+ 22. Qxb6+ Nxb6 23. fxe5+ Kxe5 24. axb5 Nc4 25. Rf4 Bc5+ 26. Kh1 Ne3
27. Rc1 Bb6 28. Bf3 Rd8 29. Ra4 Rd6 30. h4 Bd7 31. Re4+ Kf6 32. Rf4+ Kg7 33. Bc6
Be6 1/2-1/2

[Event "Druzynowe Mistrzostwa Polski II Liga"]
[Site "Szklarska Poreba"]
[Date "1899-12-30"]
[Round "1.38"]
[White "Gumula, Daniel"]
[Black "Czerw, Dawid"]
[Result "0-1"]
[WhiteTitle "FM"]
[BlackTitle "k"]
[WhiteElo "2260"]
[BlackElo "2260"]

1. c4 c5 2. Nc3 Nc6 3. g3 g6 4. Bg2 Bg7 5. a3 a5 6. e3 e5 7. Nge2 Nge7 8. O-O O-O
9. f4 d6 10. Rb1 Rb8 11. d3 Be6 12. fxe5 dxe5 13. Ne4 b6 14. N2c3 f6 15. Qe2 h6
16. Nb5 f5 17. Ned6 Qd7 18. b4 axb4 19. axb4 Nxb4 20. d4 e4 21. d5 Bf7 22. Bb2
Nc8 23. Bxg7 Kxg7 24. Nxc8 Rbxc8 25. Ra1 Ra8 26. Qb2+ Kg8 27. Rxa8 Rxa8 28. Qf6
Nxd5 29. cxd5 Qxb5 30. d6 Qd7 31. Rd1 Re8 32. Qa1 b5 33. Bf1 c4 34. Qd4 Rd8 35.
g4 fxg4 36. Qxe4 Qa7 37. Kh1 Qa8 38. Qxa8 Rxa8 39. e4 Rd8 40. e5 b4 41. Rd4 c3
0-1

[Event "Druzynowe Mistrzostwa Polski II Liga"]
[Site "Szklarska Poreba"]
[Date "1899-12-30"]
[Round "1.39"]
[White "Hrtanek, Jiri"]
[Black "Kolosowski, Pawel"]
[Result "0-1"]
[WhiteTitle "I"]
[BlackTitle "m"]
[WhiteElo "1986"]
[BlackElo "2224"]

1. d4 Nf6 2. Nf3 g6 3. c4 Bg7 4. Nc3 d6 5. e4 O-O 6. h3 Nc6 7. Bg5 h6 8. Be3 e5
9. d5 Ne7 10. Qd2 Kh7 11. Bd3 Nd7 12. g4 Nc5 13. Bc2 a5 14. Rg1 Bd7 15. Bxc5 dxc5
16. O-O-O Nc8 17. Qe2 Nd6 18. Nb5 Bxb5 19. cxb5 b6 20. a4 Bf6 21. Kb1 Qe7 22.
Nd2 Bg5 23. Nf3 Kg7 24. Rh1 Bf4 25. Rdg1 Rh8 26. Ne1 Rag8 27. Nf3 Kf8 28. h4 h5
29. g5 f6 30. Rg2 fxg5 31. Nxg5 Bxg5 32. Rxg5 Nf7 33. Rg2 g5 34. hxg5 Rxg5 35.
Rgh2 h4 36. Bd1 Rg6 37. Qf3 Qg5 38. Qh3 Qf4 39. Qc8+ Kg7 40. Qxc7 h3 41. d6 Rg2
42. Bb3 Qxf2 43. Qxf7+ Qxf7 44. Bxf7 Rxh2 0-1

[Event "Druzynowe Mistrzostwa Polski II Liga"]
[Site "Szklarska Poreba"]
[Date "1899-12-30"]
[Round "1.40"]
[White "Garbowski, Jakub"]
[Black "Rydzewski, Pawel"]
[Result "0-1"]
[WhiteTitle "k"]
[BlackTitle "I"]
[WhiteElo "2156"]
[BlackElo "1938"]

1. e4 e6 2. d4 d5 3. Nd2 dxe4 4. Nxe4 Nd7 5. Nf3 Ngf6 6. Nxf6+ Nxf6 7. Bd3 c5 8.
Be3 Qc7 9. Qe2 Bd7 10. O-O-O Bd6 11. dxc5 Bxc5 12. Bxc5 Qxc5 13. Ne5 Bc6 14. Rhe1
O-O 15. g4 Nd5 16. Qe4 g6 17. Nxc6 bxc6 18. Rd2 Rab8 19. Qe5 Rb4 20. c4 Rxc4+
21. Bxc4 Qxc4+ 22. Kb1 Qxg4 23. Rc1 Qa4 24. Rd4 Qb5 25. Rdc4 Rd8 26. Rxc6 Qd3+
27. Ka1 Nb4 28. Rc8 Qd7 29. Rxd8+ Qxd8 30. Qc3 Qd6 31. a3 Nd5 32. Qd4 Qb8 33.
h4 h5 34. Rc5 Qd8 35. a4 Kh7 36. Rb5 Qc7 37. Kb1 a6 38. Rc5 Qb8 39. Qc4 Qe5 40.
Qxa6 Qe4+ 41. Rc2 Qxc2+ 42. Kxc2 Nb4+ 43. Kc3 Nxa6 44. b4 g5 45. b5 Nc7 46. Kc4
Nd5 47. a5 gxh4 48. b6 h3 49. b7 h2 50. b8=Q h1=Q 51. Qe5 Qf1+ 52. Kb3 Qb1+ 53.
Kc4 Qf1+ 54. Kb3 Qb5+ 55. Ka3 Qxa5+ 56. Kb2 Qc3+ 57. Qxc3 Nxc3 58. Kxc3 h4 59.
Kd3 h3 60. Ke2 h2 61. Kf1 h1=Q+ 62. Ke2 Kg6 63. Ke3 Kf5 64. f3 Qe1+ 65. Kd3 Qf2
66. Kd4 Ke5+ 0-1

[Event "Druzynowe Mistrzostwa Polski II Liga"]
[Site "Szklarska Poreba"]
[Date "1899-12-30"]
[Round "1.41"]
[White "Galuszka, Tomasz"]
[Black "Korcz, Daniel"]
[Result "1-0"]
[WhiteTitle "I"]
[BlackTitle "I+"]
[WhiteElo "1895"]
[BlackElo "1790"]

1. e4 e5 2. Nf3 Nc6 3. Bb5 f5 4. d3 fxe4 5. dxe4 Nf6 6. O-O Bc5 7. Bxc6 bxc6 8.
Nxe5 d6 9. Nxc6 Qd7 10. e5 Ng4 11. e6 Qxe6 12. Nd4 Qd5 13. Qe2+ Ne5 14. Nb5 Qc6
15. N1c3 a6 16. Bf4 O-O 17. Bxe5 dxe5 18. Qe4 Qxe4 19. Nxe4 Bxf2+ 20. Nxf2 axb5
21. a3 Bb7 22. Rfe1 Rae8 23. Re3 Rf7 24. Rae1 Rfe7 25. Ng4 e4 26. Rb3 Bc8 27.
Ne3 c6 28. Rc3 Re6 29. Rc5 Rd6 30. Re2 Bd7 31. Kf2 Rf6+ 32. Ke1 Kf7 33. Rf2 Ke7
34. Re5+ Kf7 35. Rxe8 Kxe8 36. Rxf6 gxf6 37. Kf2 Ke7 38. Kg3 f5 39. Kf4 Kf6 40.
h3 h5 41. h4 Be6 42. b3 Bd7 43. a4 bxa4 44. bxa4 Ke7 45. Ke5 Kd8 46. g3 Kc7 47.
a5 Bc8 48. c4 Kb7 49. Kf6 Ka6 50. Kg5 Kxa5 51. Kxh5 Kb4 52. Kg5 Be6 53. h5 Bxc4
54. h6 Bg8 55. Kg6 Kc3 56. Kg7 Bh7 57. Kxh7 Kd3 58. Nxf5 e3 59. Nxe3 Kxe3 60.
Kg7 c5 61. h7 c4 62. h8=Q c3 63. Qh1 1-0

[Event "Druzynowe Mistrzostwa Polski II Liga"]
[Site "Szklarska Poreba"]
[Date "1899-12-30"]
[Round "1.42"]
[White "Pluta, Natalia"]
[Black "Buchta, Agnieszka"]
[Result "1-0"]
[WhiteTitle "I++"]
[BlackTitle "I++"]
[WhiteElo "1814"]
[BlackElo "1835"]

1. d4 e6 2. Nf3 Nf6 3. Bg5 d5 4. e3 Be7 5. Be2 O-O 6. O-O b6 7. c4 Bb7 8. Nc3 h6
9. Bh4 Nbd7 10. Rc1 Rc8 11. cxd5 Nxd5 12. Bxe7 Qxe7 13. Qa4 a6 14. Nxd5 exd5 15.
b4 c5 16. bxc5 bxc5 17. Rb1 Nb8 18. Qa3 Nc6 19. Qxc5 Qxc5 20. dxc5 Na5 21. Rfc1
Rc7 22. Nd4 Rfc8 23. Nf5 Re8 24. Nd6 Ree7 25. Bf3 Bc6 26. Rb6 Nb7 27. Nxb7 Bxb7
28. c6 Bc8 29. Bxd5 Re5 30. e4 Kh7 31. f4 Re8 32. f5 Re5 33. Rd1 h5 34. h3 g6
35. g4 hxg4 36. hxg4 Kg7 37. Kf2 gxf5 38. gxf5 Rce7 39. Rb8 Rc7 40. Kf3 Re8 41.
Kf4 Kf6 42. Rh1 Rg8 43. Rh7 Rf8 44. a4 Ke7 45. Ke5 Ke8 46. Kd6 Kd8 47. Be6 a5
48. Rxc8+ Rxc8 49. Bxc8 Kxc8 50. c7 Kb7 51. Kd7 f6 52. Ke7 Ra8 53. Kxf6 Ra6+ 54.
Ke5 Rc6 55. f6 Rc5+ 56. Kf4 Rc6 57. Kf5 Rc5+ 58. e5 Rc2 59. Re7 Kb6 60. f7 Rg2
61. Ke6 1-0

[Event "Druzynowe Mistrzostwa Polski II Liga"]
[Site "Szklarska Poreba"]
[Date "1899-12-30"]
[Round "1.43"]
[White "Barglowski, Filip"]
[Black "Steczek, Marcin"]
[Result "1/2-1/2"]
[WhiteTitle "FM"]
[BlackTitle "FM"]
[WhiteElo "2310"]
[BlackElo "2390"]

1. e4 c6 2. d4 d5 3. exd5 cxd5 4. Bd3 Nc6 5. c3 e5 6. dxe5 Nxe5 7. Nf3 Nxd3+ 8.
Qxd3 Nf6 9. O-O Be7 10. Bg5 O-O 11. Nbd2 h6 12. Bh4 Re8 13. Rfe1 Be6 14. Nd4 Qd7
15. Nxe6 fxe6 16. Qh3 Bd8 17. Nb3 Ne4 18. f3 Bb6+ 19. Kh1 Nd6 20. Re2 Nf5 21.
Bg3 a5 22. Be5 a4 23. Nd4 Bxd4 24. cxd4 Rac8 25. g4 Nd6 26. Rg1 Nf7 27. f4 Qb5
28. Reg2 Nxe5 29. fxe5 Rc7 30. g5 hxg5 31. Qh5 Ree7 32. Rxg5 Qd3 33. Rxg7+ Rxg7
34. Qe8+ Kh7 35. Qh5+ 1/2-1/2

[Event "Druzynowe Mistrzostwa Polski II Liga"]
[Site "Szklarska Poreba"]
[Date "1899-12-30"]
[Round "1.44"]
[White "Smagalski, Slawomir"]
[Black "Chylewski, Patryk"]
[Result "0-1"]
[WhiteTitle "I+"]
[BlackTitle "k++"]
[WhiteElo "1908"]
[BlackElo "2255"]

1. Nf3 d5 2. g3 c6 3. b3 Bg4 4. Bg2 Nd7 5. Bb2 Ngf6 6. d3 e6 7. Nbd2 Bd6 8. O-O
O-O 9. c4 Re8 10. h3 Bh5 11. a3 a5 12. Qc2 e5 13. e4 dxe4 14. dxe4 Bc5 15. Bc3
Qb6 16. Qb2 Bxf3 17. Bxf3 Bd4 18. b4 c5 19. Rab1 axb4 20. axb4 Bxc3 21. Qxc3 Qc7
22. b5 b6 23. Rfe1 Nf8 24. Nf1 Ne6 25. Ne3 Nd4 26. Bg2 Ra2 27. Rb2 Rea8 28. Nd5
Qd6 29. Qd2 R2a3 30. Kf1 R8a4 31. Ne3 Qe6 32. Rbb1 h6 33. Rb2 Ra1 34. Reb1 Kh7
35. Qc1 R1a3 36. Qd1 g6 37. Rc1 Nh5 38. Nd5 Kg7 39. Qg4 Ra1 40. Qd1 Rxc1 41. Qxc1
Nf6 42. Ne3 Qd7 43. Rb1 Qa7 44. Qd1 Ra2 45. Bf3 Qa3 46. h4 Nxf3 47. Rb3 Qxb3 48.
Qxf3 Qb1+ 0-1

[Event "Druzynowe Mistrzostwa Polski II Liga"]
[Site "Szklarska Poreba"]
[Date "1899-12-30"]
[Round "1.45"]
[White "Rozycki, Bartlomiej"]
[Black "Zakoscielna, Kinga"]
[Result "0-1"]
[WhiteTitle "k++"]
[BlackTitle "WFM"]
[WhiteElo "2157"]
[BlackElo "2070"]

1. d4 Nf6 2. c4 e6 3. Nf3 Bb4+ 4. Bd2 Qe7 5. g3 b6 6. Bg2 Bb7 7. O-O Bxd2 8. Nbxd2
O-O 9. Qc2 d6 10. e4 e5 11. d5 a5 12. Ne1 Nbd7 13. Nd3 c6 14. Rfc1 Rfc8 15. Qd1
Ba6 16. Nf1 cxd5 17. cxd5 Bxd3 18. Qxd3 Nc5 19. Qe2 Rcb8 20. Nd2 b5 21. b3 Nfd7
22. Bh3 b4 23. a4 g6 24. Bxd7 Qxd7 25. Qe3 Qe7 26. Rc2 Rc8 27. Rac1 f5 28. f3
Qf8 29. exf5 gxf5 30. Nc4 Nd7 31. Qg5+ Kh8 32. Ne3 f4 33. Nf5 Rxc2 34. Rxc2 Nc5
35. gxf4 e4 36. Nd4 exf3 37. Nxf3 Qf7 38. Rg2 Nxb3 39. Qh6 Qe7 40. f5 Rf8 41.
Qf4 Qf6 42. Rg5 Nc5 43. Nd4 b3 44. Rg2 b2 0-1

[Event "Druzynowe Mistrzostwa Polski II Liga"]
[Site "Szklarska Poreba"]
[Date "1899-12-30"]
[Round "1.46"]
[White "Walaszczyk, Witold"]
[Black "Kokoszczynski, Jan"]
[Result "1/2-1/2"]
[WhiteTitle "k"]
[BlackTitle "k"]
[WhiteElo "2136"]
[BlackElo "2103"]

1. d4 Nf6 2. Nf3 g6 3. g3 Bg7 4. Bg2 O-O 5. O-O d6 6. c4 Nc6 7. Nc3 a6 8. Re1 Rb8
9. a4 Bg4 10. d5 Na5 11. Nd2 c5 12. h3 Bd7 13. e4 e6 14. Rb1 exd5 15. cxd5 b5
16. axb5 axb5 17. b4 cxb4 18. Na2 Nh5 19. Nxb4 f5 20. Bb2 Bxb2 21. Rxb2 Qb6 22.
Nf1 Nc4 23. Ra2 fxe4 24. Rxe4 Ra8 25. Qe2 Rxa2 26. Qxa2 Bf5 27. Re7 Qc5 28. Nc6
Bd3 29. Rc7 Qb6 30. Qa7 Qxa7 31. Rxa7 Nf6 32. Rb7 Ra8 33. Nb4 Bxf1 34. Bxf1 Ra1
35. Kg2 Rd1 36. Rxb5 Ne5 37. Be2 Rd2 38. Kf1 Ne4 39. Nc6 Nd7 40. Rb4 Ndf6 41.
Ke1 Ra2 42. Bc4 Rxf2 43. Bd3 Rf3 44. Ke2 Rf2+ 1/2-1/2

[Event "Druzynowe Mistrzostwa Polski II Liga"]
[Site "Szklarska Poreba"]
[Date "1899-12-30"]
[Round "1.47"]
[White "Wojtaszewski, Piotr"]
[Black "Swiatnicki, Andrzej"]
[Result "1/2-1/2"]
[WhiteTitle "I++"]
[BlackTitle "k"]
[WhiteElo "2027"]
[BlackElo "2028"]

1. c4 c6 2. d4 d5 3. Nf3 Nf6 4. e3 Bf5 5. Nbd2 e6 6. Be2 Nbd7 7. Nh4 Bg6 8. Nxg6
hxg6 9. Bf3 Be7 10. O-O Qc7 11. g3 e5 12. e4 exd4 13. exd5 cxd5 14. cxd5 Nb6 15.
Nb3 Nbxd5 16. Qxd4 Rd8 17. Qa4+ Qd7 18. Qxd7+ Rxd7 19. Bg5 O-O 20. Rad1 Rfd8 21.
a3 Kf8 22. Rfe1 Ng8 23. Bxe7+ Ngxe7 24. Rd2 b6 25. Red1 Nf6 26. Rxd7 Rxd7 27.
Rxd7 Nxd7 28. Nd4 Ne5 29. Be2 N7c6 30. Nc2 Ke7 31. f4 Kd7 1/2-1/2

[Event "Druzynowe Mistrzostwa Polski II Liga"]
[Site "Szklarska Poreba"]
[Date "1899-12-30"]
[Round "1.48"]
[White "Bukowska, Katarzyna"]
[Black "Moscicka, Pola"]
[Result "1/2-1/2"]
[WhiteTitle "k++"]
[BlackTitle "k+"]
[WhiteElo "1912"]
[BlackElo "1894"]

1. e4 c5 2. Nf3 e6 3. d4 cxd4 4. Nxd4 Nf6 5. Nc3 Nc6 6. Be2 Bb4 7. O-O d5 8. exd5
exd5 9. Bg5 Bxc3 10. bxc3 O-O 11. Bd3 h6 12. Bf4 Be6 13. Re1 Qd7 14. Qd2 Nxd4
15. cxd4 Bf5 16. Re3 Ne4 17. Bxe4 Bxe4 18. c4 Rac8 19. c5 b6 20. Bd6 Rfe8 21.
Rae1 Re6 22. f3 Bf5 23. Re5 Rce8 24. Qf4 f6 25. Rxe6 Rxe6 26. Re3 Qe8 27. Rxe6
Qxe6 28. Qd2 Kf7 29. Kf2 bxc5 30. Bxc5 a6 31. g4 Bg6 32. Qe3 1/2-1/2

[Event "Druzynowe Mistrzostwa Polski II Liga"]
[Site "Szklarska Poreba"]
[Date "1899-12-30"]
[Round "1.50"]
[White "Gbyl, Andrzej"]
[Black "Kaminski, Piotr"]
[Result "1-0"]
[WhiteTitle "k+"]
[BlackTitle "k"]
[WhiteElo "2236"]
[BlackElo "2129"]

1. d4 d6 2. Nf3 g6 3. Bf4 Nf6 4. e3 Nh5 5. Bg5 h6 6. Bh4 g5 7. Nfd2 Nf6 8. Bg3
Bf5 9. h4 g4 10. h5 Nbd7 11. Nc3 c5 12. d5 a6 13. a4 Qa5 14. Bd3 Bxd3 15. cxd3
Rg8 16. Nc4 Qc7 17. e4 Nb6 18. Ne3 O-O-O 19. b4 Nbd7 20. Rc1 Kb8 21. d4 cxb4 22.
Nb5 Qxc1 23. Qxc1 axb5 24. Qb1 Rg5 25. O-O bxa4 26. e5 dxe5 27. Qxb4 Nxh5 28.
Rb1 b6 29. Bxe5+ Rxe5 30. dxe5 e6 31. Qxg4 Ng7 32. Qxa4 Bc5 33. Ra1 exd5 34. Qa8+
1-0

[Event "Druzynowe Mistrzostwa Polski II Liga"]
[Site "Szklarska Poreba"]
[Date "1899-12-30"]
[Round "1.51"]
[White "Szmyd, Arkadiusz"]
[Black "Golda, Sebastian"]
[Result "0-1"]
[WhiteTitle "k"]
[BlackTitle "k"]
[WhiteElo "2136"]
[BlackElo "2115"]

1. e4 c5 2. Nf3 d6 3. d4 cxd4 4. Nxd4 Nf6 5. Nc3 a6 6. Bg5 e6 7. f4 Qb6 8. Bxf6
gxf6 9. Qd2 Nc6 10. Nb3 Bd7 11. O-O-O O-O-O 12. Kb1 Kb8 13. Be2 Rg8 14. Bh5 Rg7
15. g4 Rc8 16. h4 h6 17. Rh3 Rc7 18. a3 Na5 19. Nxa5 Qxa5 20. f5 Rh7 21. Ne2 Qe5
22. Re3 Bc6 23. Re1 Qh2 24. Rd1 Qe5 25. Nd4 Be7 26. Qb4 Bxe4 27. Qe1 d5 28. fxe6
Bc5 29. exf7 Rhxf7 30. Bxf7 Bxd4 31. Rxe4 dxe4 32. Qb4 Bxb2 33. Qxb2 Qxb2+ 34.
Kxb2 Rxf7 35. Re1 Re7 36. Kc3 Rc7+ 37. Kb3 Re7 38. Re3 b5 39. c4 Kb7 40. cxb5
axb5 41. Kc3 h5 42. Kd4 hxg4 43. Rxe4 Rg7 44. Re2 g3 45. Rg2 Rg4+ 46. Kd5 f5 47.
h5 f4 48. Ke4 Kb6 49. Kf3 Rh4 50. Rb2 Rxh5 51. Kxf4 Rh2 52. Rb1 g2 53. Rg1 Ka5
0-1